| 000 | 00676nab a2200193 4500 | ||
|---|---|---|---|
| 001 | 244442 | ||
| 003 | OSt | ||
| 005 | 20240711074732.0 | ||
| 007 | tu | ||
| 008 | 200917s2020||||||| | ||
| 040 |
_aDE-2950 _cDE-2950 |
||
| 245 | 0 | 0 |
_aNeuer Vorstand beim Frankfurter HC _bSportsplitter. Mitgliederversammlung des Handball-Clubs bestätigt Wolfgang Pohl als Vereinsvorsitzenden. Medaillen und Pokale für Frankfurter Sportler im Judo und in der Leichtathletik |
| 264 | _c2024 | ||
| 653 | _aFrankfurt (Oder) | ||
| 653 | _aFrankfurter HC | ||
| 653 | _aVorstand | ||
| 773 | 0 |
_g35. Jahrgang (2024) Nr. 152 vom 02.07.2024, S. 17 mit Foto _tMärkische Oderzeitung |
|
| 942 |
_2z _cA |
||
| 999 |
_c373235 _d373235 |
||